| 000 | 00393nam a2200133Ia 4500 | ||
|---|---|---|---|
| 008 | 220217s9999||||xx |||||||||||||| ||und|| | ||
| 020 | _a81-7808-378-7 | ||
| 082 | _a005.13 DUT | ||
| 100 |
_aDutta, Soumitra Srivastava, Sandeep _93513 |
||
| 245 | 0 | _aEmbaracing the NET : get competitve | |
| 260 |
_aPearson education asia _bDelhi _c2001 |
||
| 300 | _b295 | ||
| 650 | _aPROGRAMMING LANGUAGE | ||
| 999 |
_c172092 _d172092 |
||